Coordinating mathematics across the primary school (Record no. 72200)
[ view plain ]
| 000 -LEADER | |
|---|---|
| fixed length control field | 01100nam a2200277Ia 4500 |
| 100 1# - MAIN ENTRY--AUTHOR NAME | |
| Personal name | Brown, Tony. |
| 245 10 - TITLE STATEMENT | |
| Title | Coordinating mathematics across the primary school |
| 260 ## - PUBLICATION, DISTRIBUTION, ETC. (IMPRINT) | |
| Place of publication | Bristol : |
| Name of publisher | Falmer Press, |
| Year of publication | 1998. |
| 300 ## - PHYSICAL DESCRIPTION | |
| Number of Pages | xiii, 236 p. |
| 650 #0 - SUBJECT ADDED ENTRY--TOPICAL TERM | |
| Topical Term | Mathematics |
| Topical Term | Mathematics |
| 856 40 - ELECTRONIC LOCATION AND ACCESS | |
| Uniform Resource Identifier | http://site.ebrary.com/lib/rucke/Doc?id=10055993 |
No items available.
